000 02358nam a2200589 i 4500
001 2349
003 KOSZ 005
005 20200420073454.0
008 171108s1984 pl f |000 0 eng
015 _aUWD 2017/38435
020 _a832140152X
035 _a991014851889705066
035 _a(PL-WaBN)b57044260-48omnis_nlop
035 _ab57044260
035 _a(OCoLC)749673808
035 _a(PL)b0000005704426
035 _a(EXLNZ-48OMNIS_NETWORK)9910144993705606
040 _aWA N
_cWA N
_dKOSZ 005/AR
041 0 _aeng
_apol
044 _apl
046 _k1984
080 _a37.016
080 _a811.111
080 _a(07)
245 0 0 _aAmerican English for Poles :
_bkurs audiowizualny : poradnik dla nauczyciela.
_nCz. 1 /
_c[kurs opracowany przez zespół William Carroll, Zofia Jancewicz, John Kane, Andrzej Kopczyński, Jerzy Siemasz, Leszek Suchorzewski ; redaktor naukowy Franciszek Grucza] ; Instytut Lingwistyki Stosowanej Uniwersytetu Warszawskiego, Center for Applied Linguistics, Arlington, Virginia USA.
260 _aWarszawa :
_bPaństwowe Wydawnictwo "Wiedza Powszechna",
_c1984.
300 _a110, [2] strony ;
_c21 cm.
336 _aTekst
_btxt
_2rdacontent
337 _aBez urządzenia pośredniczącego
_bn
_2rdamedia
338 _aWolumin
_bnc
_2rdacarrier
380 _aKsiążki
380 _aPublikacje fachowe
385 _aNauczyciele języka angielskiego
388 1 _a1901-2000
388 1 _a1945-1989
650 7 _aJęzyk angielski (przedmiot szkolny)
_2DBN
651 _aStany Zjednoczone (USA)
655 7 _aPoradnik
_2DBN
658 _aEdukacja i pedagogika
700 1 _aCarroll, William N.
_eAutor
700 1 _aGrucza, Franciszek
_d(1937- )
_eRedakcja
700 1 _aJancewicz, Zofia
_d(1952- )
_eAutor
700 1 _aKane, John
_eAutor
700 1 _aKopczyński, Andrzej
_d(1935-2017)
_eAutor
700 1 _aSiemasz, Jerzy
_d(1939- )
_eAutor
700 1 _aSuchorzewski, Leszek
_eAutor
710 2 _aInstytut Lingwistyki Stosowanej (Uniwersytet Warszawski)
710 2 _aPaństwowe Wydawnictwo Wiedza Powszechna
_4pbl
856 _uhttp://koha.tu.koszalin.pl/cgi-bin/koha/opac-detail.pl?biblionumber=2349
_yKatalog online BPK
942 _2UKD
_cKS
999 _c2349
_d2349